Selected Poems of D.H.Lawrence (Record no. 17798)
[ view plain ]
| 000 -LEADER | |
|---|---|
| fixed length control field | 00434nam a22001697a 4500 |
| 003 - CONTROL NUMBER IDENTIFIER | |
| control field | OSt |
| 008 - FIXED-LENGTH DATA ELEMENTS--GENERAL INFORMATION | |
| fixed length control field | 231114b |||||||| |||| 00| 0 eng d |
| 041 ## - LANGUAGE CODE | |
| Language code of text/sound track or separate title | eng |
| 082 ## - DEWEY DECIMAL CLASSIFICATION NUMBER | |
| Classification number | 821 |
| Item number | REV / SE |
| 100 ## - MAIN ENTRY--AUTHOR NAME | |
| Personal name | Lawrence, DH |
| 245 ## - TITLE STATEMENT | |
| Title | Selected Poems of D.H.Lawrence |
| 260 ## - PUBLICATION, DISTRIBUTION, ETC. (IMPRINT) | |
| Place of publication | London: |
| Name of publisher | Heinemam Educational Books Ltd, |
| Year of publication | 1951. |
| 300 ## - PHYSICAL DESCRIPTION | |
| Number of Pages | 78p. |
| 650 ## - SUBJECT ADDED ENTRY--TOPICAL TERM | |
| Topical Term | English Poems |
| 700 ## - ADDED ENTRY--PERSONAL NAME | |
| Personal name | James Reeves |
| 942 ## - ADDED ENTRY ELEMENTS (KOHA) | |
| Koha item type | Books |
| Withdrawn status | Lost status | Damaged status | Home library | Current library | Shelving location | Date acquired | Full call number | Accession Number | Koha item type |
|---|---|---|---|---|---|---|---|---|---|
| Withdrawn | KAUAET | Sanskrit University | General Stacks | 14/11/2023 | 821 REV / SE | 11830 | Books |
